00296nam a2200121Ia 4500008004100000082001500041100001900056245004600075250000800121260002900129300000800158650000800166191201s2007 xx 000 0 und d a658.3bCUI aCURRIE, Donald 0aIntroduction to Human Resource Management a1st aN. DelhibPinnaclec2007 a316 aMBA